000 00310nam a2200121Ia 4500
008 190216s9999||||xx |||||||||||||| ||und||
100 _a"Dr.Jagadamba Singh,Dr. Yadav L D S"
245 0 _aAdvanced Organic Chemistry
260 _bPragathi Prakashan
_c2014
300 _a188
650 _aChemistry
942 _cBK
999 _c3613
_d3613